00750nam a2200157Ia 4500008004100000020000600041082001400047100004600061245002800107260006100135300001000196500023300206942004500439952009300484999001500577250519s9999 xx 000 0 und d a0 a355.44IND aDesigned and Produced at thomas press Ltd 0aIndian Defence Products aIndiabDepartment of Defence Production & Suppliesc1994 a233p. A"Department of Defence Production and supplies, Armaments, Engineering Equipment, Electronic &Electrical Products, General Stores, Naval, Vehicles, Aerospace, DRDO Products, Services, Addresses of Manufactures/Suppliers, Index" h355.44iINDcAD6355_440000000000000_IND 92665aKFPLbKFPLcENGd2025-05-19l0o355.44INDpKL-2024-000394r2025-05-19 10:00:32yAD c2257d2257